[Event "Elancourt op"]
[Site "Elancourt"]
[Date "2010.04.28"]
[Round "5"]
[White "Scoatarin, Jean"]
[Black "Delpech, Olivier"]
[Result "1-0"]
[WhiteElo "2037"]
[BlackElo "1779"]
[PlyCount "115"]
[EventDate "2010.04.25"]
[EventType "swiss"]
[EventRounds "9"]
[EventCountry "FRA"]
[SourceTitle "CBM 136 Extra"]
[Source "ChessBase"]
[SourceDate "2010.07.02"]
[SourceVersion "2"]
[SourceVersionDate "2010.07.15"]
[SourceQuality "1"]

1. d4 f5 2. e4 fxe4 3. Nc3 Nf6 4. Bg5 c6 5. Bxf6 exf6 6. Nxe4 d5 7. Ng3 Bd6 8. Bd3 Qe7+ 9. N1e2 g6 10. Qd2 Be6 11. 0-0-0 Nd7 12. Nf4 0-0-0 13. Rde1 Bxf4 14. Qxf4 Rhe8 15. h4 Nf8 16. Re2 Qf7 17. h5 Bd7 18. hxg6 hxg6 19. c3 Rxe2 20. Nxe2 Re8 21. Ng3 Qe6 22. Kc2 f5 23. Ne2 Qe7 24. Qf3 Qg5 25. Nf4 a6 26. a3 Kc7 27. Kb1 Kb6 28. Bc2 Ka7 29. Nd3 Bc8 30. Ka2 Kb6 31. Kb1 Ka7 32. b4 b5 33. Kb2 Kb6 34. Nf4 Bb7 35. g3 Qe7 36. Rh6 Qg5 37. Rh8 Qf6 38. Qh1 g5 39. Rh6 Qg7 40. Nxd5+ Ka7 41. Ne3 f4 42. Nf5 Qc7 43. Nd6 Re2 44. Nxb7 Kxb7 45. Qf3 Re6 46. Rxe6 Nxe6 47. d5 Nd8 48. dxc6+ Nxc6 49. Be4 Kb6 50. gxf4 gxf4 51. Bxc6 Qxc6 52. Qxf4 Qd5 53. Qf6+ Kb7 54. Qd4 Qe6 55. Qe3 Qd5 56. f3 Kb8 57. Qb6+ Kc8 58. Qc5+ 1-0

[Event "Syre Memorial op 32nd"]
[Site "Issy les Moulineaux"]
[Date "2009.05.21"]
[Round "2"]
[White "Girard, Eric"]
[Black "Scoatarin, Jean"]
[Result "1-0"]
[WhiteElo "2196"]
[BlackElo "2026"]
[PlyCount "57"]
[EventDate "2009.05.21"]
[EventType "swiss"]
[EventRounds "6"]
[EventCountry "FRA"]
[SourceTitle "EXT 2010"]
[Source "ChessBase"]
[SourceDate "2010.11.25"]
[SourceVersion "1"]
[SourceVersionDate "2010.11.25"]
[SourceQuality "1"]

1. c4 c5 2. Nf3 Nf6 3. Nc3 e6 4. d4 cxd4 5. Nxd4 a6 6. e4 Bb4 7. e5 Bxc3+ 8. bxc3 Qa5 9. exf6 Qxc3+ 10. Bd2 Qxd4 11. fxg7 Rg8 12. Be2 Rxg7 13. 0-0 Nc6 14. Qc2 Qh4 15. Be3 d5 16. f4 d4 17. Bd2 e5 18. Bf3 Bd7 19. Rab1 Rb8 20. Rb6 Qd8 21. Rfb1 Qc8 22. fxe5 Nxe5 23. Qe4 f6 24. Rxf6 Re7 25. Bh5+ Ng6 26. Bxg6+ hxg6 27. Qxg6+ Kd8 28. Ba5+ b6 29. Rfxb6 1-0

[Event "FRA-chT2 West 0809"]
[Site "France"]
[Date "2008.11.22"]
[Round "2.6"]
[White "Scoatarin, Jean"]
[Black "Kononov, Alexander"]
[Result "0-1"]
[WhiteElo "2007"]
[BlackElo "2231"]
[PlyCount "102"]
[EventDate "2008.10.19"]
[EventType "team-tourn"]
[EventRounds "11"]
[EventCountry "FRA"]
[SourceTitle "EXT 2010"]
[Source "ChessBase"]
[SourceDate "2010.11.25"]
[SourceVersion "1"]
[SourceVersionDate "2010.11.25"]
[SourceQuality "1"]
[WhiteTeam "Le Chesnay"]
[BlackTeam "Evry Grand Roque II"]
[WhiteTeamCountry "FRA"]
[BlackTeamCountry "FRA"]

1. d4 d5 2. c4 Bf5 3. Nc3 e6 4. Nf3 Nc6 5. Bf4 Bd6 6. Bxd6 Qxd6 7. cxd5 exd5 8. e3 Nge7 9. Rc1 0-0 10. Bd3 Bxd3 11. Qxd3 Nb4 12. Qe2 c6 13. a3 Na6 14. 0-0 Nc7 15. Qc2 Rfd8 16. Na4 b6 17. Rfd1 Ne6 18. Nc3 Rac8 19. b4 f6 20. Qb3 Kf8 21. Qb1 g6 22. h4 Kg7 23. g3 Qd7 24. Kg2 Nf5 25. Qd3 Nd6 26. Nd2 b5 27. Ne2 Re8 28. Rc2 Re7 29. Ra1 Rce8 30. Rh1 Nd8 31. h5 g5 32. h6+ Kg8 33. Nf3 Qg4 34. Nh2 Qe6 35. Nf3 Nc4 36. Ra2 Qg4 37. Nh2 Qe6 38. Nf3 Nf7 39. a4 a6 40. axb5 axb5 41. Ra6 Qc8 42. Ra2 Nfd6 43. Nc3 Nxe3+ 44. Kg1 Nec4 45. Re2 Qf5 46. Qxf5 Nxf5 47. Rxe7 Rxe7 48. g4 Nfd6 49. Kg2 Ra7 50. Rb1 Ra3 51. Ne2 Rxf3 0-1

[Event "Elancourt op 10th"]
[Site "Elancourt"]
[Date "2007.04.21"]
[Round "9"]
[White "Scoatarin, Jean"]
[Black "Oger, Claude"]
[Result "1-0"]
[WhiteElo "2025"]
[BlackElo "2007"]
[PlyCount "73"]
[EventDate "2007.04.14"]
[EventType "swiss"]
[EventRounds "9"]
[EventCountry "FRA"]
[SourceTitle "CBM 118 Extra"]
[Source "ChessBase"]
[SourceDate "2007.07.04"]
[SourceVersion "1"]
[SourceVersionDate "2007.07.04"]
[SourceQuality "1"]

1. d4 f5 2. g3 e6 3. Bg2 Nf6 4. Nf3 b6 5. 0-0 Bb7 6. c4 d6 7. Nc3 Qe7 8. d5 e5 9. Ng5 Bc8 10. e4 fxe4 11. Ngxe4 Bf5 12. Re1 Nbd7 13. Bg5 h6 14. Bxf6 Nxf6 15. Nxf6+ Qxf6 16. f4 Rd8 17. Qe2 e4 18. Bxe4 Kf7 19. Bxf5 Qxf5 20. Nb5 Qd7 21. Qe6+ Qxe6 22. dxe6+ Ke7 23. Nxc7 Kf6 24. Nd5+ Kg6 25. e7 Bxe7 26. Rxe7 Rhf8 27. Rae1 Kh7 28. Rxa7 Kg6 29. Ree7 Kf5 30. Kg2 g5 31. Kf3 g4+ 32. Ke3 Rde8 33. Kd4 Rxe7 34. Nxe7+ Kf6 35. Nd5+ Kf5 36. Ne3+ Kg6 37. Rd7 1-0

[Event "Elancourt op 10th"]
[Site "Elancourt"]
[Date "2007.04.15"]
[Round "3"]
[White "Scoatarin, Jean"]
[Black "Allabatre, Steeve"]
[Result "1/2-1/2"]
[WhiteElo "2025"]
[BlackElo "1820"]
[PlyCount "83"]
[EventDate "2007.04.14"]
[EventType "swiss"]
[EventRounds "9"]
[EventCountry "FRA"]
[SourceTitle "CBM 118 Extra"]
[Source "ChessBase"]
[SourceDate "2007.07.04"]
[SourceVersion "1"]
[SourceVersionDate "2007.07.04"]
[SourceQuality "1"]

1. d4 Nf6 2. c4 c5 3. e3 g6 4. Nf3 Bg7 5. Nc3 cxd4 6. exd4 d5 7. c5 0-0 8. Be2 Nc6 9. 0-0 b6 10. cxb6 Qxb6 11. h3 Ne4 12. Nxd5 Qa5 13. Nc3 Nxc3 14. bxc3 Qxc3 15. Be3 Qa3 16. Qc1 Qxc1 17. Rfxc1 Nb4 18. Rab1 Nd5 19. Bg5 h6 20. Bh4 Bf5 21. Rb5 Nf4 22. Bf1 e6 23. Bg3 Nd5 24. Be5 Rfc8 25. Rbc5 Rd8 26. Ba6 Nb4 27. Bb7 Nd3 28. Bxa8 Nxc1 29. Rxc1 Rxa8 30. Bxg7 Kxg7 31. Rc7 g5 32. Ne5 Bg6 33. a4 a6 34. a5 Rd8 35. Rd7 Rxd7 36. Nxd7 Bd3 37. f3 f6 38. Kf2 Kf7 39. Nc5 Bc4 40. Ne4 Ke7 41. g3 f5 42. Nc3 1/2-1/2

[Event "FRA-chT2 0304"]
[Site "France"]
[Date "2004.03.13"]
[Round "8"]
[White "Wimmer, Roland"]
[Black "Scoatarin, Jean"]
[Result "1-0"]
[WhiteElo "2141"]
[BlackElo "2074"]
[PlyCount "113"]
[EventDate "2003.10.??"]
[EventType "team"]
[EventRounds "11"]
[EventCountry "FRA"]
[SourceTitle "EXT 2005"]
[Source "ChessBase"]
[SourceDate "2004.11.15"]
[SourceVersion "1"]
[SourceVersionDate "2004.11.15"]
[SourceQuality "1"]

1. e4 g6 2. d4 Bg7 3. Nc3 c6 4. Be3 d6 5. Qd2 b5 6. a4 b4 7. Na2 a5 8. c3 bxc3 9. bxc3 Nf6 10. f3 Nbd7 11. Bd3 0-0 12. Bh6 c5 13. Ne2 cxd4 14. cxd4 e5 15. h4 exd4 16. Bxg7 Kxg7 17. Nxd4 Ne5 18. Bb5 d5 19. Nc6 Qd6 20. Rc1 Be6 21. h5 Nxh5 22. Rxh5 Nxf3+ 23. gxf3 Qg3+ 24. Qf2 Qxf2+ 25. Kxf2 gxh5 26. Rg1+ Kh8 27. Nc3 dxe4 28. Nxe4 Bd5 29. Nf6 Bxc6 30. Bxc6 Rac8 31. Bb5 Rc2+ 32. Kg3 Rd8 33. Rh1 Rd6 34. Nxh5 Rc5 35. Nf4 Rg5+ 36. Kf2 Kg7 37. Nh5+ Kg6 38. Ng3 Rd2+ 39. Ne2 Rb2 40. Bd3+ f5 41. Rc1 Rh5 42. Ke3 Rh4 43. Nf4+ Kg5 44. Rg1+ Kf6 45. Rg8 Kf7 46. Rg5 Rxf4 47. Kxf4 Rb4+ 48. Kxf5 Rxa4 49. f4 Rd4 50. Be4 Rb4 51. Bd5+ Ke7 52. Ke5 h6 53. Rg7+ Kf8 54. Rg8+ Ke7 55. f5 Rb6 56. Ra8 h5 57. f6+ 1-0

[Event "FRA-chT2 0304"]
[Site "France"]
[Date "2004.01.17"]
[Round "5"]
[White "Sion, Philippe"]
[Black "Scoatarin, Jean"]
[Result "1/2-1/2"]
[WhiteElo "2110"]
[BlackElo "2074"]
[PlyCount "88"]
[EventDate "2003.10.??"]
[EventType "team"]
[EventRounds "11"]
[EventCountry "FRA"]
[SourceTitle "EXT 2005"]
[Source "ChessBase"]
[SourceDate "2004.11.15"]
[SourceVersion "1"]
[SourceVersionDate "2004.11.15"]
[SourceQuality "1"]

1. c4 e5 2. Nc3 Nc6 3. Nf3 g6 4. d4 exd4 5. Nd5 Bg7 6. Bg5 f6 7. Bf4 d6 8. Nxd4 Nge7 9. Nb5 Nxd5 10. cxd5 Ne5 11. Rc1 0-0 12. Nxc7 Rb8 13. Bd2 Qe7 14. e3 Bg4 15. Qb3 Rfc8 16. Nb5 Rxc1+ 17. Bxc1 Rc8 18. Bd2 a6 19. Nd4 Bd7 20. Be2 b5 21. 0-0 f5 22. Bc3 Rf8 23. Nf3 f4 24. e4 g5 25. Qd1 Rc8 26. Nxe5 Bxe5 27. Bxe5 Qxe5 28. Bg4 Bxg4 29. Qxg4 Rc4 30. f3 h6 31. h4 Rc7 32. Rd1 Kg7 33. Kh2 Kf6 34. Rd2 Kg6 35. g3 Kf6 36. Rg2 fxg3+ 37. Qxg3 gxh4 38. Qxe5+ Kxe5 39. Rg6 Rc2+ 40. Kh3 Rf2 41. Re6+ Kf4 42. Rf6+ Ke5 43. Rf5+ Kd4 44. Rf6 Ke5 1/2-1/2

[Event "Montigny le Bretonneux op 7th"]
[Site "Montigny le Bretonneux"]
[Date "2003.05.04"]
[Round "7.3"]
[White "Klimchand, Didier"]
[Black "Scoatarin, Jean"]
[Result "1/2-1/2"]
[WhiteElo "1940"]
[BlackElo "2097"]
[PlyCount "50"]
[EventDate "2003.05.??"]
[EventType "swiss"]
[EventRounds "9"]
[EventCountry "FRA"]
[SourceTitle "EXT 2004"]
[Source "ChessBase"]
[SourceDate "2003.11.25"]
[SourceVersion "1"]
[SourceVersionDate "2003.11.25"]
[SourceQuality "1"]

1. e4 e6 2. d4 d5 3. exd5 exd5 4. Nf3 Bd6 5. Bd3 Ne7 6. Bg5 0-0 7. 0-0 f6 8. Bc1 Bf5 9. c3 Bxd3 10. Qxd3 Nbc6 11. b3 Qd7 12. Ba3 Rae8 13. Bxd6 Qxd6 14. Qb5 Nd8 15. a4 c6 16. Qd3 Ne6 17. g3 Ng6 18. Nbd2 f5 19. Rae1 f4 20. Ne5 fxg3 21. hxg3 Rf6 22. Ng4 Rf7 23. Ne5 Rf6 24. Ng4 Rf7 25. Ne5 Rf6 1/2-1/2

[Event "Saint Quentin op 4th"]
[Site "Saint Quentin"]
[Date "2001.04.21"]
[Round "8.24"]
[White "Scoatarin, Jean"]
[Black "Bouvier, Robert"]
[Result "1-0"]
[WhiteElo "2105"]
[BlackElo "1920"]
[PlyCount "58"]
[EventDate "2001.04.15"]
[EventType "swiss"]
[EventRounds "9"]
[EventCountry "FRA"]
[SourceTitle "EXT 2002"]
[Source "ChessBase"]
[SourceDate "2001.11.25"]
[SourceVersion "1"]
[SourceVersionDate "2001.11.25"]
[SourceQuality "1"]

1. d4 d5 2. c4 c6 3. Nf3 Nf6 4. Nc3 e6 5. cxd5 exd5 6. Bg5 Be7 7. Qc2 0-0 8. e3 Nbd7 9. Bd3 h6 10. Bh4 Re8 11. Bg3 Bb4 12. 0-0 c5 13. Ne5 cxd4 14. exd4 Nf8 15. Rad1 a6 16. Bh4 Be6 17. Qb3 Bxc3 18. bxc3 g5 19. Bg3 b5 20. a4 bxa4 21. Qxa4 a5 22. Bb5 N6d7 23. Nc6 Qc8 24. Qa3 Qb7 25. Rb1 Nb6 26. Nxa5 Nc4 27. Bxc4 Qa7 28. Bb5 Reb8 29. Bxb8 Qxb8 1-0

[Event "Saint Quentin op 4th"]
[Site "Saint Quentin"]
[Date "2001.04.16"]
[Round "2.5"]
[White "Leroy, Didier"]
[Black "Scoatarin, Jean"]
[Result "1/2-1/2"]
[WhiteElo "2345"]
[BlackElo "2105"]
[PlyCount "115"]
[EventDate "2001.04.15"]
[EventType "swiss"]
[EventRounds "9"]
[EventCountry "FRA"]
[SourceTitle "EXT 2002"]
[Source "ChessBase"]
[SourceDate "2001.11.25"]
[SourceVersion "1"]
[SourceVersionDate "2001.11.25"]
[SourceQuality "1"]

1. d4 Nf6 2. c4 e6 3. Nc3 d5 4. Bg5 Be7 5. e3 0-0 6. Nf3 Nbd7 7. cxd5 exd5 8. Bd3 c6 9. Qc2 Re8 10. 0-0 Nf8 11. h3 Ne4 12. Bf4 Nxc3 13. bxc3 Bd6 14. Bxd6 Qxd6 15. Rfd1 Ng6 16. c4 dxc4 17. Qxc4 Qf6 18. Nd2 Qg5 19. Ne4 Rxe4 20. Bxe4 Bxh3 21. Kf1 Bg4 22. Bxg6 hxg6 23. f3 Be6 24. Qe2 b5 25. Kg1 Bc4 26. Qf2 a5 27. e4 a4 28. a3 Rd8 29. Qd2 Qg3 30. Qe3 g5 31. Rd2 Rd6 32. Qf2 Qh4 33. Qxh4 gxh4 34. Kf2 g5 35. Ke3 Kg7 36. Rh1 Rh6 37. Rdd1 Kf6 38. Kd2 Ke6 39. Kc3 f5 40. Rd2 Rf6 41. Kb4 fxe4 42. fxe4 Rf4 43. Kc5 Rxe4 44. Kxc6 Bd5+ 45. Kxb5 Rg4 46. Re1+ Kd6 47. Ree2 Bc6+ 48. Kb4 Rg3 49. Rf2 Rb3+ 50. Ka5 g4 51. Rf6+ Kc7 52. Rf7+ Kd6 53. Rh7 h3 54. gxh3 gxh3 55. Rh6+ Kc7 56. Rh7+ Kd6 57. Rh6+ Kd5 58. Rxc6 1/2-1/2

[Event "Saint Quentin op 4th"]
[Site "Saint Quentin"]
[Date "2001.04.15"]
[Round "1.30"]
[White "Scoatarin, Jean"]
[Black "Rivier, Sylvain"]
[Result "1-0"]
[WhiteElo "2105"]
[BlackElo "1550"]
[PlyCount "89"]
[EventDate "2001.04.15"]
[EventType "swiss"]
[EventRounds "9"]
[EventCountry "FRA"]
[SourceTitle "EXT 2002"]
[Source "ChessBase"]
[SourceDate "2001.11.25"]
[SourceVersion "1"]
[SourceVersionDate "2001.11.25"]
[SourceQuality "1"]

1. d4 e6 2. c4 Nf6 3. Nc3 b6 4. Qc2 Bb7 5. e4 d6 6. Nf3 c5 7. Bg5 Be7 8. Rd1 0-0 9. Be2 Nbd7 10. 0-0 h6 11. Bc1 cxd4 12. Nxd4 Nc5 13. Bf3 Nh7 14. Rfe1 Bg5 15. e5 Bxc1 16. Qxc1 Qc7 17. Ndb5 Qb8 18. Bxb7 Qxb7 19. Nxd6 Qc6 20. Qe3 Rad8 21. Ndb5 a6 22. Nd4 Qc7 23. Nf3 Rd7 24. Rxd7 Nxd7 25. b3 Rd8 26. Rd1 Nhf8 27. Qd4 Qc5 28. Qxc5 bxc5 29. Ne4 Rc8 30. Rd6 a5 31. Ra6 Ng6 32. Rxa5 Ngxe5 33. Nxe5 Nxe5 34. Rxc5 Rxc5 35. Nxc5 Nc6 36. Kf1 Kf8 37. Ke2 Ke7 38. Nd3 Kd6 39. b4 Kc7 40. a4 e5 41. Ke3 f5 42. b5 e4 43. bxc6 exd3 44. Kxd3 Kxc6 45. Kd4 1-0